[Event "Tilburg Fontys"]
[Site "Tilburg"]
[Date "1997.??.??"]
[Round "5"]
[White "Svidler, Peter"]
[Black "Shaked, Tal"]
[Result "1-0"]
[WhiteElo "2660"]
[BlackElo "2500"]
[PlyCount "71"]
[EventDate "1997.09.27"]
[Source "ChessBase"]
[SourceDate "1997.11.23"]

1. e4 e6 2. d4 d5 3. Nc3 Bb4 4. e5 c5 5. a3 Bxc3+ 6. bxc3 Qc7 7. Nf3 Ne7 8. h4 Bd7 9. h5 h6 10. Bd3 Ba4 11. O-O Nd7 12. Rb1 O-O-O 13. Be3 Kb8 14. dxc5 Nxc5 15. Rb4 Bd7 16. Nd4 Ka8 17. Qg4 Nxd3 18. cxd3 Rhg8 19. Rfb1 b6 20. a4 f5 21. exf6 gxf6 22. Qf3 f5 23. a5 bxa5 24. Rb7 Qxb7 25. Rxb7 Kxb7 26. Nb3 Rg4 27. Nxa5+ Ka8 28. Bxh6 Rb8 29. g3 Rb5 30. Bf8 Rxa5 31. Bxe7 Be8 32. h6 Bg6 33. Qe3 Ra1+ 34. Kg2 Ra6 35. Qc5 Kb7 36. Bd8 1-0

[Event "Vienna op"]
[Site "Vienna"]
[Date "1986.??.??"]
[Round "?"]
[White "Karpov, Anatoly"]
[Black "Mednis, Edmar John"]
[Result "1-0"]
[WhiteElo "2700"]
[BlackElo "2455"]
[PlyCount "137"]
[EventDate "1986.01.??"]
[Source "ChessBase"]

1. e4 e6 2. d4 d5 3. Nc3 Bb4 4. e5 c5 5. a3 Bxc3+ 6. bxc3 Qc7 7. Nf3 Ne7 8. a4 b6 9. Bb5+ Bd7 10. O-O Bxb5 11. axb5 Nd7 12. Qd3 h6 13. Ra4 O-O 14. Bd2 Rfc8 15. Rc1 Nf8 16. Ra6 Qd7 17. Rca1 c4 18. Qf1 Qxb5 19. Rxa7 Rxa7 20. Rxa7 Nc6 21. Ra2 Na5 22. h3 Ra8 23. Qc1 Ra7 24. Rb2 Qa6 25. Qb1 Nd7 26. Ra2 Qb7 27. Kh2 Nc6 28. Rxa7 Qxa7 29. Qb5 Ndb8 30. Qb2 Nd7 31. Ng1 Qa4 32. Ne2 Kh7 33. g4 Na7 34. Ng3 Nb5 35. Nf1 f6 36. exf6 Nxf6 37. f3 Nd7 38. Kg2 Qa5 39. Qb1 Nf8 40. h4 Na3 41. Qc1 Qa4 42. Ne3 Nb5 43. h5 Nd6 44. Qb2 Qa5 45. Kf2 Nd7 46. Ke2 Nb5 47. Nd1 Qa4 48. Be1 Na3 49. Ne3 Nb5 50. Ng2 Na3 51. Kd2 Kg8 52. Nf4 Nf8 53. Bg3 Kf7 54. Ne2 Nb5 55. Ke1 Nd7 56. Bf4 Na3 57. Kd2 Nb5 58. Kd1 Ke7 59. Bg3 Kf7 60. Bh4 Qa5 61. Ke1 Qa4 62. Qc1 Na3 63. g5 hxg5 64. Qxg5 Nxc2+ 65. Kd2 Na3 66. Qg6+ Kf8 67. Nf4 Nf6 68. Nxe6+ Ke7 69. Nxg7 1-0

[Event "TCh-AUT 1st Bundesliga 2007-8"]
[Site "Jenbach AUT"]
[Date "2008.01.10"]
[Round "4"]
[White "Baramidze, D."]
[Black "Dizdar, G."]
[Result "1/2-1/2"]
[WhiteElo "2582"]
[BlackElo "2564"]
[PlyCount "86"]
[EventDate "2008.01.10"]
[Source "www.chesslib.no"]
[SourceDate "2004.05.04"]

1. e4 e6 2. d4 d5 3. Nc3 Bb4 4. e5 Ne7 5. a3 Bxc3+ 6. bxc3 c5 7. Nf3 b6 8. Bb5+ Bd7 9. Bd3 Ba4 10. h4 Qc7 11. O-O Nd7 12. h5 h6 13. Bf4 a6 14. Rb1 Bb5 15. dxc5 bxc5 16. Bxb5 axb5 17. Rxb5 Rxa3 18. Qd2 O-O 19. Rfb1 Qc6 20. Kh2 Nf5 21. Rb7 d4 22. R7b3 Rxb3 23. Rxb3 dxc3 24. Rxc3 Nb6 25. g4 Nd5 26. gxf5 Nxc3 27. Qxc3 Qe4 28. Kg3 Qxf5 29. Qxc5 Qxh5 30. Be3 Qg6+ 31. Kh2 Qh5+ 32. Kg3 Qg6+ 33. Kh2 Qe4 34. Ne1 Rd8 35. Nd3 Qh4+ 36. Kg2 Qg4+ 37. Kh2 Qh4+ 38. Kg2 Qg4+ 39. Kf1 Qf3 40. Ne1 Rd1 41. Bd2 Qe4 42. Qc8+ Kh7 43. Qc3 Rb1 1/2-1/2

[Event "1. Investbanka"]
[Site "?"]
[Date "1987.10.29"]
[Round "10"]
[White "Gligoric Svetozar"]
[Black "Short Nigel D"]
[Result "0-1"]
[WhiteElo "2525"]
[BlackElo "2620"]
[PlyCount "72"]
[EventDate "1987.??.??"]
[Source "www.chesslib.no"]
[SourceDate "2004.05.04"]

1. d4 e6 2. e4 d5 3. Nc3 Bb4 4. e5 c5 5. a3 Bxc3+ 6. bxc3 Ne7 7. a4 Nbc6 8. Nf3 Qa5 9. Qd2 Bd7 10. Bd3 c4 11. Be2 O-O 12. O-O f6 13. Ba3 Rae8 14. Bd6 Rf7 15. g3 Nf5 16. Bb4 Qc7 17. Rfe1 fxe5 18. dxe5 Nxb4 19. cxb4 Ref8 20. Ng5 Re7 21. Bg4 Be8 22. c3 a5 23. bxa5 Qxa5 24. Qb2 Bc6 25. f4 h6 26. Nf3 d4 27. cxd4 g5 28. fxg5 h5 29. Bxh5 Nxg3 30. hxg3 Bxf3 31. Qa3 Qd5 32. Rad1 Rh7 33. g4 Bxd1 34. Rxd1 Rf3 35. Qa2 Rg3+ 36. Kh2 Rxg4 0-1

[Event "Bled ol (Men)"]
[Site "?"]
[Date "2002.11.07"]
[Round "12"]
[White "Felgaer Ruben"]
[Black "Kortschnoj Viktor"]
[Result "0-1"]
[WhiteElo "2509"]
[BlackElo "2634"]
[PlyCount "66"]
[EventDate "2002.??.??"]
[Source "www.chesslib.no"]
[SourceDate "2004.05.04"]

1. e4 e6 2. d4 d5 3. Nc3 Bb4 4. e5 Ne7 5. a3 Bxc3+ 6. bxc3 c5 7. a4 Qa5 8. Qd2 Nbc6 9. Nf3 f6 10. Bd3 fxe5 11. dxe5 O-O 12. O-O Rxf3 13. gxf3 c4 14. Be2 Nxe5 15. Ba3 Nf5 16. f4 Ng6 17. Bg4 Ngh4 18. Bb4 Qc7 19. a5 Qf7 20. f3 Bd7 21. Rae1 Qg6 22. Kh1 Bc6 23. Qf2 d4 24. Bxf5 Nxf5 25. cxd4 Bd5 26. c3 Qh5 27. Re5 Qh6 28. Re4 Qh3 29. Rg1 b6 30. Qg2 Qh5 31. a6 Rc8 32. Bd6 g6 33. Be5 Nh4 0-1

[Event "Bundesliga 9900"]
[Site "Germany"]
[Date "2000.01.29"]
[Round "8"]
[White "De Firmian, Nick E"]
[Black "Hertneck, Gerald"]
[Result "1/2-1/2"]
[WhiteElo "2570"]
[BlackElo "2571"]
[PlyCount "83"]
[EventDate "1999.10.??"]
[Source "ChessBase"]
[SourceDate "2000.03.10"]

1. e4 e6 2. d4 d5 3. Nc3 Bb4 4. e5 Ne7 5. a3 Bxc3+ 6. bxc3 c5 7. Nf3 Qc7 8. Bd3 b6 9. O-O Ba6 10. a4 Bxd3 11. cxd3 cxd4 12. Nxd4 Qxc3 13. Be3 O-O 14. Rc1 Qb4 15. f4 Nf5 16. Nxf5 exf5 17. Qf3 Qb3 18. Bf2 Na6 19. a5 bxa5 20. Rb1 Qa4 21. Qxd5 Nb4 22. Qf3 Rfd8 23. d4 Qb5 24. Bh4 Rd5 25. Be7 Qd3 26. Bxb4 Qxf3 27. Rxf3 axb4 28. Rxb4 a5 29. Rc4 Rad8 30. Rd3 f6 31. e6 g5 32. Kf2 gxf4 33. Kf3 Kf8 34. Rc7 R8d6 35. Rf7+ Ke8 36. Rxf6 Ke7 37. Rf7+ Kxe6 38. Rxh7 Rxd4 39. Rh6+ Ke5 40. Rxd6 Rxd6 41. Ra3 Rd5 42. h4 1/2-1/2

[Event "Bundesliga 9293"]
[Site "Germany"]
[Date "1993.??.??"]
[Round "?"]
[White "Kovalev, Andrei"]
[Black "Hertneck, Gerald"]
[Result "1/2-1/2"]
[WhiteElo "2580"]
[BlackElo "2560"]
[PlyCount "75"]
[EventDate "1992.10.??"]
[Source "ChessBase"]
[SourceDate "1999.07.01"]

1. e4 e6 2. d4 d5 3. Nc3 Bb4 4. e5 Ne7 5. a3 Bxc3+ 6. bxc3 c5 7. h4 Qc7 8. Nf3 h6 9. h5 b6 10. Bb5+ Nbc6 11. O-O O-O 12. Bf4 Bd7 13. Rb1 cxd4 14. cxd4 f5 15. exf6 Qxf4 16. fxe7 Rf6 17. c4 Be8 18. Bxc6 Bxc6 19. Ne5 Be8 20. g3 Qe4 21. Ng4 Rf3 22. Ne5 Bxh5 23. Nxf3 Bxf3 24. Qa4 Kf7 25. cxd5 Qxd5 26. Rb5 Qc6 27. Qb3 Bd5 28. Qb1 Bc4 29. Re5 Bxf1 30. Qxf1 Re8 31. Qe2 Qd6 32. Qh5+ Kxe7 33. d5 Kf8 34. Qf3+ Kg8 35. Qe4 Kf7 36. Qf3+ Kg8 37. Qe4 Kf7 38. Qf3+ 1/2-1/2

[Event "Mar del Plata"]
[Site "Mar del Plata ARG"]
[Date "1971.??.??"]
[Round "?"]
[White "Savon, Vladimir A"]
[Black "Panno, Oscar R"]
[Result "1/2-1/2"]
[WhiteElo "2570"]
[BlackElo "2570"]
[PlyCount "91"]
[EventDate "1971.03.??"]
[Source "www.chesslib.no"]
[SourceDate "2004.05.04"]

1. e4 e6 2. d4 d5 3. Nc3 Bb4 4. e5 c5 5. a3 Bxc3+ 6. bxc3 Qc7 7. Nf3 Ne7 8. Be2 b6 9. a4 Ba6 10. a5 O-O 11. Bxa6 Nxa6 12. Qd3 Qb7 13. Ng5 Ng6 14. h4 cxd4 15. h5 Nc5 16. Qg3 Ne7 17. h6 g6 18. cxd4 Ne4 19. Qf4 f5 20. exf6 Rxf6 21. Qe5 Raf8 22. Nxe4 dxe4 23. O-O Qd5 24. axb6 axb6 25. Bg5 R6f7 26. Bxe7 Rxe7 27. Rab1 Qxe5 28. dxe5 Rf5 29. Rxb6 Rxe5 30. c4 Kf7 31. Rb5 Kf6 32. Rc1 Rc7 33. c5 Kg5 34. Kf1 Kxh6 35. Ke2 Kg5 36. Ke3 Kf5 37. Rc2 Rd5 38. Rc4 Rd3+ 39. Ke2 Rd5 40. Ke3 h5 41. g3 g5 42. Ra5 h4 43. gxh4 gxh4 44. Rxe4 Rcxc5 45. Rxc5 Rxc5 46. Rxh4 1/2-1/2

[Event "Sarajevo"]
[Site "Sarajevo"]
[Date "1985.??.??"]
[Round "11"]
[White "Chandler, Murray G"]
[Black "Nogueiras, Jesus"]
[Result "1-0"]
[WhiteElo "2585"]
[BlackElo "2545"]
[PlyCount "125"]
[EventDate "1985.03.??"]
[Source "ChessBase"]

1. e4 e6 2. d4 d5 3. Nc3 Bb4 4. e5 Ne7 5. a3 Bxc3+ 6. bxc3 c5 7. Nf3 Qa5 8. Qd2 b6 9. Bd3 Ba6 10. O-O Nbc6 11. dxc5 bxc5 12. a4 Bxd3 13. Qxd3 h6 14. Re1 O-O 15. Nh4 f5 16. exf6 Rxf6 17. f4 Raf8 18. Bd2 c4 19. Qe2 e5 20. fxe5 Rf2 21. Qd1 d4 22. Nf3 R2xf3 23. gxf3 dxc3 24. Be3 Nxe5 25. f4 N5g6 26. Qg4 Rf6 27. Kh1 a6 28. Qg2 Nh4 29. Qe4 Qd5 30. Qxd5+ Nxd5 31. Rad1 Rf5 32. Bc1 Kh7 33. Re5 Nb4 34. Re4 Ra5 35. Rxc4 Rxa4 36. Be3 a5 37. Bd4 Nf5 38. Rg1 Nxc2 39. Rxa4 Ncxd4 40. Rxa5 Ne3 41. Ra7 Ndf5 42. Rc7 c2 43. Re1 Kg6 44. Kg1 Kh5 45. Kf2 Ng4+ 46. Kg1 Nge3 47. h3 Kh4 48. Kf2 Nd5 49. Rxc2 Nxf4 50. Rc4 g5 51. Kf3 Ng3 52. Rg1 Nf5 53. Ra4 Kh5 54. Rxf4 gxf4 55. Kxf4 Nh4 56. Ra1 Ng6+ 57. Kg3 Kg5 58. Ra5+ Kf6 59. Rh5 Kg7 60. Kg4 Ne7 61. Rb5 Ng6 62. Rb7+ Kf6 63. Rh7 1-0

[Event "WchT 3rd"]
[Site "Luzern"]
[Date "1993.??.??"]
[Round "7"]
[White "Lanka, Zigurds"]
[Black "Eingorn, Vereslav S"]
[Result "0-1"]
[WhiteElo "2540"]
[BlackElo "2580"]
[PlyCount "78"]
[EventDate "1993.10.??"]
[Source "ChessBase"]

1. e4 e6 2. d4 d5 3. Nc3 Bb4 4. e5 Ne7 5. a3 Bxc3+ 6. bxc3 c5 7. Nf3 Qa5 8. Bd2 Bd7 9. Rb1 Bc6 10. dxc5 Nd7 11. Be2 Qc7 12. O-O Nxc5 13. Be3 Ne4 14. Bd4 Nf5 15. Qe1 Qa5 16. Rb3 Rc8 17. Bd3 Nxd4 18. Nxd4 Nc5 19. Rb4 Qxa3 20. Nb5 Bxb5 21. Bxb5+ Kf8 22. Qe3 a6 23. Be2 b5 24. Rf4 Qa5 25. h4 h5 26. Rf3 Rh6 27. Rd1 Kg8 28. Qf4 Qc7 29. Rd4 f5 30. Rg3 Kh7 31. Rg5 Ne4 32. Rd3 Nxc3 33. Bxh5 Ne4 34. Bf3 Qxc2 35. Bxe4 Qc1+ 36. Qxc1 Rxc1+ 37. Kh2 Rxh4+ 38. Kg3 Rxe4 39. Kh2 Kh6 0-1

[Event "Baden"]
[Site "Vienna"]
[Date "1980.??.??"]
[Round "2"]
[White "Byrne, Robert E"]
[Black "Vaganian, Rafael A"]
[Result "1/2-1/2"]
[WhiteElo "2530"]
[BlackElo "2590"]
[PlyCount "89"]
[EventDate "1980.??.??"]
[Source "ChessBase"]

1. e4 e6 2. d4 d5 3. Nc3 Bb4 4. e5 Ne7 5. a3 Bxc3+ 6. bxc3 c5 7. Nf3 Qa5 8. Bd2 Nbc6 9. Be2 Bd7 10. O-O Qc7 11. Re1 h6 12. Bf1 c4 13. a4 O-O 14. Bc1 f5 15. Ba3 Rf7 16. h4 Nc8 17. h5 a5 18. Nh4 Nd8 19. g4 fxg4 20. Qxg4 Bxa4 21. Bc1 Bxc2 22. Bxh6 Ne7 23. Bg5 Nf5 24. Ng6 Kh7 25. Rac1 Nh6 26. Qg3 Bf5 27. Nh4 Rf8 28. Nxf5 Nxf5 29. Qg4 b5 30. Kh1 Nf7 31. Bd2 Kh8 32. Bh3 Qe7 33. Rg1 b4 34. Qg6 Qh4 35. Kh2 bxc3 36. Rxc3 Rab8 37. Rf3 Rb3 38. Be3 N7h6 39. Bg5 Qxg5 40. Rxg5 Rxf3 41. Qxe6 Rxf2+ 42. Rg2 Rxg2+ 43. Bxg2 Ng4+ 44. Kh3 Nf2+ 45. Kh2 1/2-1/2

[Event "WDR Match TV g/60 1st"]
[Site "Cologne"]
[Date "1992.??.??"]
[Round "?"]
[White "Wahls, Matthias"]
[Black "Hertneck, Gerald"]
[Result "1-0"]
[WhiteElo "2540"]
[BlackElo "2580"]
[PlyCount "69"]
[EventDate "1992.08.??"]
[Source "ChessBase"]

1. e4 e6 2. d4 d5 3. Nc3 Bb4 4. e5 Ne7 5. a3 Bxc3+ 6. bxc3 c5 7. Nf3 b6 8. Bb5+ Bd7 9. Bd3 h6 10. h4 Nbc6 11. O-O c4 12. Be2 O-O 13. Re1 f6 14. Bf1 fxe5 15. Nxe5 Nxe5 16. dxe5 Qe8 17. Re3 Rd8 18. Rh3 Qg6 19. a4 Bc6 20. Qe2 h5 21. Ba3 Rd7 22. Rg3 Qh7 23. Qd2 Rf7 24. Rg5 g6 25. Be2 Rf5 26. g4 hxg4 27. Bxg4 Kf7 28. Bxe7 Kxe7 29. Bxf5 gxf5 30. Qd4 Kd8 31. a5 Kc7 32. axb6+ axb6 33. Rb1 Kc8 34. Qxb6 Bb7 35. Qxe6 1-0

[Event "Zillertal"]
[Site "?"]
[Date "1993.??.??"]
[Round "?"]
[White "Lanka, Z."]
[Black "Hertneck, G."]
[Result "0-1"]
[WhiteElo "2545"]
[BlackElo "2575"]
[PlyCount "126"]
[EventDate "1993.??.??"]
[Source "ChessBase"]
[SourceDate "1993.06.01"]

1. e4 e6 2. d4 d5 3. Nc3 Bb4 4. e5 Ne7 5. a3 Bxc3+ 6. bxc3 c5 7. Nf3 h6 8. h4 b6 9. Bb5+ Bd7 10. Bd3 Nbc6 11. h5 Qc7 12. Kf1 c4 13. Be2 O-O-O 14. Bf4 Rdg8 15. Qd2 Kb7 16. Nh2 Ka8 17. Bf3 Qd8 18. g3 Nf5 19. Ng4 Qf8 20. a4 Qe7 21. Bg2 Rb8 22. Kg1 b5 23. axb5 Rxb5 24. Ne3 Nxe3 25. Bxe3 Rhb8 26. Kh2 Be8 27. Qe2 Rb2 28. Bc1 Rb1 29. Ba3 Rxh1+ 30. Bxh1 Qg5 31. f4 Qf5 32. Rf1 Bd7 33. g4 Qh7 34. f5 Rh8 35. Qf2 Qg8 36. Bd6 Rh7 37. Qh4 Qc8 38. Rb1 Be8 39. Kg1 Rh8 40. f6 g5 41. hxg6 fxg6 42. g5 h5 43. Qh3 Bf7 44. Bf3 Qa6 45. Qf1 Rd8 46. Re1 Qa5 47. Re3 Rd7 48. Qg2 Qa1+ 49. Kh2 Qc1 50. Re2 Nd8 51. Qg3 Rb7 52. Bb4 Rb5 53. Rf2 a5 54. Bc5 Rb1 55. Bg2 a4 56. Qh3 Qg1+ 57. Kg3 Ra1 58. Re2 a3 59. Kh4 a2 60. Bxd5+ Kb8 61. Bd6+ Kc8 62. Bxc4 Rf1 63. Rg2 Rf4+ 0-1

[Event "Sankt_Peterburg"]
[Site "?"]
[Date "1996.??.??"]
[Round "?"]
[White "Khalifman, A."]
[Black "Vysochin, S."]
[Result "1-0"]
[WhiteElo "2640"]
[BlackElo "2480"]
[PlyCount "49"]
[EventDate "1996.??.??"]
[Source "ChessBase"]
[SourceDate "1996.10.01"]

1. e4 e6 2. d4 d5 3. Nc3 Bb4 4. e5 c5 5. a3 Bxc3+ 6. bxc3 Qc7 7. Nf3 Ne7 8. a4 b6 9. Bb5+ Nec6 10. O-O Ba6 11. c4 dxc4 12. d5 exd5 13. Qxd5 O-O 14. Qe4 h6 15. Ra3 Qd7 16. Ng5 hxg5 17. Rh3 f5 18. Qxc4+ Qf7 19. e6 Qe8 20. e7+ Rf7 21. Bxg5 Nd4 22. Qxd4 cxd4 23. Bxe8 Bxf1 24. Bxf7+ Kxf7 25. Rh8 1-0

[Event "Arandelovac tm"]
[Site "?"]
[Date "1981.??.??"]
[Round "?"]
[White "Ljubojevic, Ljubomir"]
[Black "Nikolic, Predrag"]
[Result "1/2-1/2"]
[WhiteElo "2605"]
[BlackElo "2515"]
[PlyCount "43"]
[EventDate "1981.??.??"]
[Source "www.chesslib.no"]
[SourceDate "2004.05.04"]

1. d4 d5 2. Nc3 e6 3. e4 Bb4 4. e5 c5 5. a3 Bxc3+ 6. bxc3 Ne7 7. Nf3 Nbc6 8. Be2 Qa5 9. O-O c4 10. Qd2 Bd7 11. Ng5 h6 12. Nh3 O-O-O 13. a4 f6 14. f4 h5 15. Ba3 Nf5 16. Bc5 Kb8 17. Rfb1 Ka8 18. Nf2 Be8 19. Nd1 Rd7 20. Qc1 Nb8 21. Rb5 Qd8 22. Ne3 1/2-1/2

[Event "Bor"]
[Site "?"]
[Date "1986.??.??"]
[Round "?"]
[White "Rogers, I."]
[Black "Nikolic, P."]
[Result "0-1"]
[WhiteElo "2515"]
[BlackElo "2600"]
[PlyCount "140"]
[EventDate "1986.??.??"]
[Source "ChessBase"]
[SourceDate "1986.07.01"]

1. e4 e6 2. d4 d5 3. Nc3 Bb4 4. e5 Ne7 5. a3 Bxc3+ 6. bxc3 c5 7. Nf3 Nbc6 8. a4 Qa5 9. Bd2 Bd7 10. Bb5 c4 11. O-O Nb8 12. Qb1 Qc7 13. Qb4 Nbc6 14. Qc5 b6 15. Qa3 O-O 16. Rfe1 a6 17. Bxc6 Bxc6 18. Bg5 Ng6 19. h4 f6 20. exf6 gxf6 21. h5 Nh8 22. Rxe6 fxg5 23. Ne5 Be8 24. Re7 Qb8 25. Ng4 Nf7 26. Nf6+ Kg7 27. Nxd5 Bc6 28. Nc7 Kg8 29. d5 Ra7 30. Ne6 Rxe7 31. Qxe7 Re8 32. Qf6 Qe5 33. Qxe5 Nxe5 34. dxc6 Rxe6 35. c7 Re8 36. Rd1 Nf7 37. Rd4 b5 38. axb5 axb5 39. Rd5 Rc8 40. Rc5 Kf8 41. Kh2 h6 42. Kg3 Nd6 43. Kg4 Ke7 44. f4 gxf4 45. Kxf4 Kd7 46. g4 Rf8+ 47. Ke5 Rf2 48. c8=Q+ Nxc8 49. Rxb5 Nd6 50. Rd5 Re2+ 51. Kf6 Rxc2 52. g5 hxg5 53. h6 Rxc3 54. h7 Rh3 55. Kg7 Kc6 56. Re5 c3 57. Rxg5 c2 58. Rg1 Nf5+ 59. Kg8 Ne7+ 60. Kg7 Rg3+ 61. Rxg3 c1=Q 62. h8=Q Qb2+ 63. Kh7 Qh2+ 64. Kg7 Nf5+ 65. Kf6 Qxh8+ 66. Kxf5 Qh7+ 67. Kg5 Kd5 68. Kg4 Ke4 69. Rh3 Qd7+ 70. Kh5 Kf4 0-1

[Event "Polanica Zdroj"]
[Site "?"]
[Date "1993.??.??"]
[Round "?"]
[White "Dolmatov, S."]
[Black "Gdanski, J."]
[Result "1/2-1/2"]
[WhiteElo "2630"]
[BlackElo "2485"]
[PlyCount "41"]
[EventDate "1993.??.??"]
[Source "ChessBase"]
[SourceDate "1993.06.01"]

1. e4 e6 2. d4 d5 3. Nc3 Bb4 4. e5 Ne7 5. a3 Bxc3+ 6. bxc3 c5 7. Nf3 Bd7 8. dxc5 Qc7 9. Bd3 Ba4 10. Rb1 Nd7 11. O-O Nxc5 12. Rb4 Nxd3 13. Qxd3 Bd7 14. Re1 Rc8 15. Bd2 a6 16. a4 b5 17. Nd4 O-O 18. axb5 Bxb5 19. Nxb5 axb5 20. Rxb5 Rb8 21. Rb3 1/2-1/2

[Event "Hoogovens"]
[Site "Wijk aan Zee"]
[Date "1979.??.??"]
[Round "4"]
[White "Timman, Jan H"]
[Black "Garcia, Gildardo"]
[Result "1/2-1/2"]
[WhiteElo "2625"]
[BlackElo "2490"]
[PlyCount "182"]
[EventDate "1979.01.??"]
[Source "ChessBase"]

1. e4 e6 2. d4 d5 3. Nc3 Bb4 4. e5 c5 5. a3 Bxc3+ 6. bxc3 Qc7 7. Nf3 Ne7 8. a4 b6 9. Bb5+ Bd7 10. Bd3 Nbc6 11. O-O h6 12. Qd2 c4 13. Be2 O-O-O 14. Ba3 Be8 15. Bd6 Rxd6 16. exd6 Qxd6 17. Rfe1 f6 18. g3 g5 19. Bf1 h5 20. Qe2 Bd7 21. Nd2 Na5 22. Bh3 g4 23. Bg2 f5 24. Qe5 Qxe5 25. Rxe5 Nb7 26. h3 Nc6 27. Re2 Nd6 28. f3 gxh3 29. Bxh3 Nf7 30. Rh2 h4 31. gxh4 Rxh4 32. Bg2 Rxh2 33. Kxh2 f4 34. Bh3 a5 35. Kg2 Kc7 36. Kf2 Nd6 37. Nb1 Ne7 38. Nd2 Nc6 39. Bg4 Ne7 40. Ke2 Ndf5 41. Nf1 Be8 42. Nh2 Kd6 43. Bxf5 exf5 44. Nf1 Nc8 45. Nd2 Ne7 46. Kf2 Ke6 47. Nb1 Nc8 48. Na3 Bxa4 49. Nxc4 dxc4 50. Rxa4 Kd5 51. Ke2 Ne7 52. Kd2 Ng6 53. Ra1 Ne7 54. Rh1 Kd6 55. Rh6+ Kc7 56. Re6 Nd5 57. Re5 Ne3 58. Kc1 Kd6 59. Re8 Kd7 60. Rf8 Kc7 61. Rf6 Kb7 62. Rh6 Kc7 63. Rh4 Nd5 64. Kb2 Kd6 65. Rh6+ Kc7 66. Rh7+ Kc6 67. Rf7 Ne3 68. Rf6+ Kb7 69. Rf7+ Kc6 70. Rf6+ Kb7 71. Ka3 b5 72. Ka2 Kc7 73. Kb1 Kb7 74. Kc1 Kc7 75. Ra6 a4 76. Kb2 Kb7 77. Rh6 Kc7 78. Rh4 Nd5 79. Rh7+ Kc6 80. Rh6+ Kc7 81. Ka3 Kd7 82. Rg6 Kc7 83. Re6 Kd7 84. Re5 Kc6 85. Rxf5 Nxc3 86. Rf6+ Kc7 87. Rxf4 b4+ 88. Kxb4 Nd5+ 89. Kxa4 Nxf4 90. Kb4 Ng2 91. Kxc4 Ne1 1/2-1/2

[Event "Bundesliga 0203"]
[Site "Germany"]
[Date "2002.10.20"]
[Round "2"]
[White "Jenni, Florian"]
[Black "Jussupow, Artur"]
[Result "1/2-1/2"]
[WhiteElo "2483"]
[BlackElo "2622"]
[PlyCount "46"]
[EventDate "2002.10.19"]
[Source "ChessBase"]
[SourceDate "2002.11.06"]

1. e4 e6 2. d4 d5 3. Nc3 Bb4 4. e5 Ne7 5. a3 Bxc3+ 6. bxc3 c5 7. Nf3 b6 8. Bb5+ Bd7 9. Bd3 c4 10. Bf1 Ba4 11. g3 h6 12. Bh3 Kd7 13. O-O Qg8 14. Ne1 Kc7 15. Ng2 Nd7 16. f4 g6 17. Ne3 h5 18. Bg2 b5 19. h3 f5 20. exf6 Nxf6 21. Qe2 Kd7 22. Re1 Nf5 23. Nf1 Re8 1/2-1/2

[Event "Erevan ARM"]
[Site "Erevan ARM"]
[Date "1988.??.??"]
[Round "?"]
[White "Ehlvest, Jaan"]
[Black "Dokhoian, Yury R"]
[Result "0-1"]
[WhiteElo "2585"]
[BlackElo "2515"]
[PlyCount "91"]
[EventDate "1988.??.??"]
[Source "www.chesslib.no"]
[SourceDate "2004.05.04"]

1. e4 e6 2. d4 d5 3. Nc3 Bb4 4. e5 Ne7 5. a3 Bxc3+ 6. bxc3 c5 7. Nf3 Qa5 8. Bd2 Nbc6 9. Be2 cxd4 10. cxd4 Qa4 11. Bd3 b6 12. Qe2 Nxd4 13. Nxd4 Qxd4 14. O-O Nc6 15. Rae1 Bd7 16. Qh5 O-O-O 17. Qxf7 Rdf8 18. Qh5 Be8 19. Qh3 Bd7 20. Be3 Qa4 21. Bc1 Kb8 22. Rd1 Nd4 23. c3 Nb3 24. Bc2 Qc4 25. Bg5 Rc8 26. Be7 Nc5 27. Qe3 Bb5 28. Rb1 Qe2 29. Qh3 Bd7 30. Bd6+ Ka8 31. Rbc1 g6 32. a4 Ne4 33. Bxe4 Qxe4 34. Ra1 Rc4 35. a5 b5 36. Rfe1 Qf5 37. Qe3 Rhc8 38. Qh6 Qf7 39. Ba3 Rg8 40. Bb4 Bc8 41. Be7 b4 42. Rac1 Qf3 43. Qf4 Bb7 44. Kh1 Re8 45. Qd4 Qxc3 46. Re4 0-1

[Event "Erevan"]
[Site "?"]
[Date "1988.??.??"]
[Round "?"]
[White "Ehlvest, J."]
[Black "Dokhoian, Y."]
[Result "0-1"]
[WhiteElo "2585"]
[BlackElo "2515"]
[PlyCount "90"]
[EventDate "1988.??.??"]
[Source "ChessBase"]
[SourceDate "1988.01.01"]

1. e4 e6 2. d4 d5 3. Nc3 Bb4 4. e5 Ne7 5. a3 Bxc3+ 6. bxc3 c5 7. Nf3 Qa5 8. Bd2 Nbc6 9. Be2 cxd4 10. cxd4 Qa4 11. Bd3 b6 12. Qe2 Nxd4 13. Nxd4 Qxd4 14. O-O Nc6 15. Rae1 Bd7 16. Qh5 O-O-O 17. Qxf7 Rdf8 18. Qh5 Be8 19. Qh3 Bd7 20. Be3 Qa4 21. Bc1 Kb8 22. Rd1 Nd4 23. c3 Nb3 24. Bc2 Qc4 25. Bg5 Rc8 26. Be7 Nc5 27. Qe3 Bb5 28. Rb1 Qe2 29. Qh3 Bd7 30. Bd6+ Ka8 31. Rbc1 g6 32. a4 Ne4 33. Bxe4 Qxe4 34. Ra1 Rc4 35. a5 b5 36. Rfe1 Qf5 37. Qe3 Rhc8 38. Qh6 Qf7 39. Bb4 d4 40. a6 dxc3 41. Bd6 c2 42. Rac1 Bc6 43. Qd2 Bd5 44. h3 Qd7 45. Re3 Qc6 0-1

[Event "Alekhine Memorial GM"]
[Site "Alekhine Memorial GM"]
[Date "1991.??.??"]
[Round "?"]
[White "Sanakoev, Grigory Konstan'ch"]
[Black "Sliwa, Bogdan S"]
[Result "1-0"]
[WhiteElo "2595"]
[BlackElo "2500"]
[PlyCount "69"]
[EventDate "1991.??.??"]
[Source "www.chesslib.no"]
[SourceDate "2004.05.04"]

1. e4 e6 2. d4 d5 3. Nc3 Bb4 4. e5 c5 5. a3 Bxc3+ 6. bxc3 Qc7 7. Nf3 Ne7 8. a4 b6 9. Bb5+ Bd7 10. Bd3 Nbc6 11. O-O h6 12. Re1 Na5 13. Ba3 Bxa4 14. dxc5 b5 15. c6 Nexc6 16. Bd6 Qd7 17. Nd4 Nxd4 18. cxd4 Nb7 19. Ba3 Na5 20. Qg4 g6 21. Qh4 Qd8 22. Qh3 Nc4 23. Bxg6 Qd7 24. Bd3 Nxa3 25. Rxa3 Rc8 26. Ra2 a6 27. f4 Rc6 28. f5 Qe7 29. Rf1 Qg5 30. fxe6 fxe6 31. Qf3 Qg7 32. Qh5+ Ke7 33. c4 Rf8 34. Rxf8 Qxf8 35. Rf2 1-0

[Event "Dortmund-A"]
[Site "Dortmund"]
[Date "1987.??.??"]
[Round "?"]
[White "Nunn, John DM"]
[Black "Farago, Ivan"]
[Result "1/2-1/2"]
[WhiteElo "2560"]
[BlackElo "2535"]
[PlyCount "95"]
[EventDate "1987.04.??"]
[Source "ChessBase"]

1. e4 e6 2. d4 d5 3. Nc3 Bb4 4. e5 Ne7 5. a3 Bxc3+ 6. bxc3 c5 7. Nf3 Bd7 8. a4 Qa5 9. Bd2 Nbc6 10. Bb5 Qc7 11. O-O Na5 12. Bd3 c4 13. Be2 O-O-O 14. Bc1 Kb8 15. Qd2 h6 16. Qf4 Be8 17. Qg4 Rg8 18. Nh4 Ka8 19. f4 Bd7 20. Ba3 Nf5 21. Nxf5 exf5 22. Qf3 Be6 23. Rfb1 b6 24. Rb5 Qc6 25. Rab1 Nb7 26. g3 Rd7 27. Qe3 g6 28. Bf3 Rc8 29. Qc1 Rg8 30. Kf2 Rc8 31. Qh1 Rcd8 32. Qg2 Rh8 33. Qh1 Rhd8 34. R1b2 Rg8 35. Qb1 Rc8 36. h4 h5 37. Bd6 Rxd6 38. exd6 Nxd6 39. Rxb6 axb6 40. Rxb6 Qxa4 41. Rb2 Ne4+ 42. Bxe4 fxe4 43. Ra2 Qxa2 44. Qxa2+ Kb7 45. Qa5 Ra8 46. Qb5+ Kc7 47. Qc5+ Kd7 48. Qb5+ 1/2-1/2

[Event "X Open Anibal"]
[Site "Linares"]
[Date "2003.03.06"]
[Round "7.10"]
[White "Socko, Bartosz"]
[Black "Potkin, Vladimir"]
[Result "0-1"]
[WhiteElo "2577"]
[BlackElo "2516"]
[PlyCount "100"]
[EventDate "2003.03.01"]
[Source "Roberto Alvarez"]
[SourceDate "2003.03.03"]

1. e4 e6 2. d4 d5 3. Nc3 Bb4 4. e5 Ne7 5. a3 Bxc3+ 6. bxc3 c5 7. Nf3 Qc7 8. h4 h6 9. h5 b6 10. Bb5+ Bd7 11. Bd3 Nbc6 12. O-O O-O 13. Bf4 f5 14. dxc5 bxc5 15. Re1 Be8 16. Nh4 Kh7 17. Rb1 Rd8 18. Qf3 Qa5 19. Bd2 Qa4 20. Bf4 Bxh5 21. g4 g5 22. gxh5 Qxf4 23. Qxf4 gxf4 24. f3 c4 25. Bf1 Rb8 26. Ng2 Kg7 27. Nxf4 Kf7 28. Kf2 Rxb1 29. Rxb1 Nxe5 30. Rb7 N5c6 31. Ng6 Rb8 32. Ne5+ Ke8 33. Rxb8+ Nxb8 34. f4 Nbc6 35. Nf3 Kd7 36. Ke3 Kd6 37. Be2 Ng8 38. Nh4 Nf6 39. Bf3 Ne8 40. Bg2 Nc7 41. Bh3 Nb5 42. Bxf5 exf5 43. Nxf5+ Ke6 44. Nxh6 Nxc3 45. Ng4 d4+ 46. Kf3 Nd5 47. h6 Nf6 48. Nf2 Kf5 49. Ne4 Nxe4 50. h7 Ne5+ 0-1